000 00422nam a2200181Ia 4500
001 22981
005 20260414150907.0
008 260414t2016||||xx |||||||||||||| ||spa||
041 _aESP
082 _a624.171
_bW57
100 _aWilliams, Martin
_eAUT
245 0 _aStructural dynamics
_b
260 _c2016
300 _axviii, 265 páginas :
_c25 cm.
650 _a0
654 _aCIC
942 _cLIB
_dJUS
_fJUS
_2ddc
_n
999 _c22981
_d22981